Statistics for Heathrow Airport Destinations (London, UK)

Click here to take the quiz!

General Stats

  • This quiz has been taken 157 times
  • The average score is 149 of 222

Answer Stats

AirlineDestination% Correct
British Airways/Brussels AirlinesBrussels
96%
British Airways/KLMAmsterdam
94%
Aegean Airlines/British AirwaysAthens
94%
British Airways/EgyptairCairo
94%
American Airlines/British Airways/Delta Air Lines/United Airlines/Virgin AtlanticLos Angeles
94%
Air ChinaBeijing (Capital)
93%
British Airways/China Southern ArilinesBeijing (Daxing)
93%
British AirwaysBerlin
93%
Aer Lingus/British AirwaysDublin
93%
American Airlines/British Airways/Delta Air Lines/JetBlue/Virgin AtlanticNew York (JFK)
93%
Air France/British AirwaysParis (Charles de Gaulle)
92%
EVA Air/Thai Airways InternationalBangkok (Suvarnabhumi)
91%
American Airlines/British Airways/United AirlinesChicago (O'Hare)
91%
American Airlines/British AirwaysDallas/Fort Worth
91%
Air India/British Airways/Virgin Atlantic/VistaraDelhi
91%
FinnairHelsinki
91%
British Airways/TAP Air PortugalLisbon
91%
British Airways/IberiaMadrid
91%
British Airways/Scandinavian AirlinesOslo
91%
Air Canada/British AirwaysToronto (Pearson)
91%
Etihad AirwaysAbu Dhabi
90%
American Airlines/British Airways/Delta Air Lines/JetBlue/United Airlines/Virgin AtlanticBoston
90%
British Airways/Cathay PacificHong Kong
90%
American Airlines/British Airways/Virgin AtlanticMiami
90%
Air China/British Airways/China Eastern Airlines/Virgin AtlanticShanghai (Pudong)
90%
British Airways/Scandinavian AirlinesStockholm (Arlanda)
90%
British Airways/QantasSydney
90%
All Nippon Airways/British Airways/Japan AirlinesTokyo (Haneda)
90%
British Airways/Royal JordanianAmman (Queen Alia)
89%
British Airways/Qatar AirwaysDoha
89%
British Airways/Emirates/Royal Brunei AirlinesDubai (International)
89%
British Airways/United AirlinesHouston (Intercontinental)
89%
LoganairIsle of Man
89%
Aeromexico/British AirwaysMexico City
89%
Air Canada/Air India/British Airways/Virgin Atlantic/VistaraMumbai
89%
Air Canada/British AirwaysVancouver
89%
Austrian Airlines/British AirwaysVienna
89%
Air Algerie/British AirwaysAlgiers
88%
British Airways/Delta Air Lines/Virgin AtlanticAtlanta
88%
QantasMelbourne
88%
Air Canada/British AirwaysMontreal (Trudeau)
88%
QantasPerth
88%
British Airways/TAROMBucharest
87%
British AirwaysBudapest
87%
British Airways/Scandinavian AirlinesCopenhagen
87%
British Airways/LufthansaFrankfurt
87%
British Airways/ITA AirwaysRome (Fiumicino)
87%
British Airways/LOT Polish AirlinesWarsaw (Chopin)
87%
British AirwaysEdinburgh
86%
British Airways/Turkish AirlinesIstanbul
86%
British Airways/ITA AirwaysMilan (Linate)
86%
British AirwaysMilan (Malpensa)
86%
British Airways/LufthansaMunich
86%
British Airways/Kenya AirwaysNairobi (Jomo Kenyatta)
86%
Air France/British AirwaysNice
86%
British Airways/SaudiaRiyadh
86%
British Airways/Qantas/Singapore AirlinesSingapore
86%
British Airways/Croatia AirlinesZagreb
86%
British Airways/Swiss International Air LinesZurich
86%
Ethiopian AirlinesAddis Ababa
84%
Azerbaijan AirlinesBaku
84%
Middle East AirlinesBeirut
84%
Royal Air MarocCasablanca
84%
British AirwaysGlasgow
84%
British Airways/United Airlines/Virgin AtlanticSan Francisco
84%
Asiana Airlines/Korean AirSeoul (Incheon)
84%
Air SerbiaBelgrade
83%
Aer LingusCork
83%
British Airways/EurowingsHamburg
83%
British Airways/Virgin AtlanticJohannesburg (O.R. Tambo)
83%
American Airlines/British AirwaysPhiladelphia
83%
British Airways/Bulgaria AirSofia
83%
British Airways/El Al/Virgin AtlanticTel Aviv
83%
British Airways/United Airlines/Virgin AtlanticWashington (Dulles)
83%
AviancaBogota
82%
EurowingsCologne/Bonn
82%
British Airways/United AirlinesDenver
82%
Delta Air LinesDetroit
82%
Vietnam AirlinesHanoi
82%
Vietnam AirlinesHo Chi Minh City
82%
TunisairTunis
82%
British Airways/Virgin AtlanticCape Town
81%
British AirwaysRio de Janeiro
81%
British AirwaysSantiago de Chile
81%
British Airways/LATAM BrasilSao Paulo (Guarulhos)
81%
American Airlines/British Airways/Delta Air Lines/Virgin AtlanticSeattle/Tacoma
81%
British Airways/Swiss International Air LinesGeneva
80%
Malaysia AirlinesKuala Lumpur (Internatinal)
80%
British AirwaysBelfast (City)
79%
British AirwaysBuenos Aires (Ezeiza)
79%
SaudiaJeddah
78%
British Airways/Kuwait AirwaysKuwait City
78%
British Airways/Virgin AtlanticLagos
78%
Oman AirMuscat
78%
British Airways/IcelandairReykjavik
78%
Air Canada/WestJetCalgary
77%
American AirlinesCharlotte
77%
British Airways/EurowingsDusseldorf
77%
British Airways/Virgin AtlanticLas Vegas
77%
British AirwaysManchester
77%
British AirwaysMarseille
77%
British AirwaysNaples
76%
Virgin AtlanticOrlando
76%
British AirwaysSan Diego
76%
China Airlines/EVA AirTaipei (Taoyuan)
76%
Iran AirTehran (Imam Khomeini)
76%
China Southern AirlinesGuangzhou
74%
British AirwaysLyon
74%
Air MaltaMalta
74%
British AirwaysPorto
74%
British Airways/Gulf AirBahrain
73%
British AirwaysMarrakesh
73%
American Airlines/British AirwaysPhoenix (Sky Harbor)
73%
British AirwaysPrague
73%
British Airways/Virgin AtlanticAustin
71%
SriLankan AirlinesColombo (Bandaranaike)
71%
British AirwaysPortland (OR)
71%
British AirwaysVenice
71%
British AirwaysAberdeen
70%
Delta Air LinesMinneapolis/St. Paul
70%
British AirwaysAccra
69%
British AirwaysKrakow
69%
British Airways/United AirlinesNewark
69%
Shenzhen AirlinesShenzhen
69%
Uzbekistan AirwaysTashkent
69%
Tianjin AirlinesTianjin
69%
British AirwaysBangalore
68%
British AirwaysMalaga
68%
British Airways/Croatia AirlinesSplit
68%
Delta Air LinesSalt Lake City
66%
British AirwaysGothenburg
64%
British Airways/Virgin AtlanticIslamabad
64%
British AirwaysPalma de Mallorca
64%
British Airways/EurowingsStuttgart
64%
Virgin AtlanticTampa
64%
Air AstanaAlmaty
63%
Air MauritiusMauritius
63%
British AirwaysBasel/Mulhouse
62%
British AirwaysChennai
62%
British AirwaysDubrovnik
62%
British AirwaysNew Orleans
62%
British AirwaysBaltimore
61%
British AirwaysHanover
61%
British AirwaysLuxembourg
61%
British AirwaysSan Jose (CA)
61%
British AirwaysToulouse
61%
Air ChinaChengdu (Tianfu)
60%
British AirwaysIbiza
60%
RwandAirKigali
60%
British Airways/Virgin AtlanticNassau
60%
British AirwaysTirana
60%
British AirwaysAbuja
59%
British AirwaysFlorence
59%
British AirwaysNewcastle upon Tyne
59%
British AirwaysHeraklion
57%
British AirwaysRhodes
57%
Aer LingusShannon
57%
British AirwaysTenerife (South)
57%
British AirwaysThessaloniki
57%
British AirwaysValencia
57%
British Airways/Virgin AtlanticMale
56%
British AirwaysFaro
54%
Royal Brunei AirlinesBandar Seri Begawan
53%
British AirwaysCorfu
53%
Air CanadaHalifax
53%
EgyptairLuxor
53%
British AirwaysNashville
53%
British AirwaysPalermo
53%
Tianjin AirlinesXi'an
53%
Virgin AtlanticLahore
52%
British AirwaysJersey
51%
British AirwaysInverness
49%
British AirwaysLjubljana
49%
British AirwaysPittsburgh
49%
American AirlinesRaleigh/Durham
49%
British AirwaysBologna
48%
British AirwaysLarnaca
48%
British AirwaysHyderabad
47%
British AirwaysKos
47%
British AirwaysInnsbruck
46%
British AirwaysPisa
46%
British AirwaysSalzburg
44%
British AirwaysFunchal
43%
British AirwaysNuremberg
43%
British Airways/Virgin AtlanticBarbados
42%
Virgin AtlanticAntigua
41%
Virgin AtlanticMontego Bay
41%
British AirwaysMykonos
41%
British AirwaysSantorini
41%
British AirwaysPaphos
40%
British AirwaysBermuda
39%
British AirwaysCincinnati
39%
Scandinavian AirlinesStavanger
39%
British AirwaysBillund
38%
British AirwaysGibraltar
38%
Beijing Capital AirlinesQingdao
38%
Virgin AtlanticSt. Lucia (Hewanorra)
38%
British AirwaysZakynthos
38%
Virgin AtlanticGrenada
34%
British AirwaysChania
33%
Virgin AtlanticSt. Vincent (Argyle)
32%
Hainan AirlinesChangsha
31%
Biman Bangladesh AirlinesSylhet
30%
British AirwaysPonta Delgada
29%
British AirwaysBrindisi
27%
British AirwaysDalaman
27%
British AirwaysGrenoble
27%
British AirwaysKalamata
26%
British AirwaysBodrum
24%
Aer LingusKnock
23%
British AirwaysPula
23%
British AirwaysGrand Cayman
22%
British AirwaysOlbia
22%
Air AstanaAktau
21%
British AirwaysKefalonia
21%
Scandinavian AirlinesLulea
18%
British AirwaysPreveza/Lefkada
18%
British AirwaysPerugia
17%
British AirwaysBastia
16%
British Airways/Virgin AtlanticProvidenciales
16%
British AirwaysFigari
13%
SaudiNeom Bay
13%

Score Distribution

Percentile by Number Answered

Percent of People with Each Score

Your Score History

You have not taken this quiz